| 000 | 00000nam 2200000za 4500 |
| 001 | 9.844703 |
| 003 | CaOODSP |
| 005 | 20221107152811 |
| 007 | cr ||||||||||| |
| 008 | 171010s2005 xxcad |o f|0| 0 eng d |
| 040 | |aCaOODSP|beng |
| 043 | |an-cn--- |
| 086 | 1 |aNH21-10/2005E-PDF |
| 100 | 1 |aGrammenos, Fanis. |
| 245 | 14|aThe porous Portland plan |h[electronic resource] : |bfor people, cars or the environment? / |cby Fanis Grammenos and Brian Eames. |
| 260 | |a[S.l.] : |bCMHC, |c2005. |
| 300 | |a[5] p. : |bchart, col. ill. |
| 500 | |a"Date, 06. 10. 2005." |
| 520 | |a"Since the theoretical dismissal of the last 50 years of suburban growth as “un-urban” or “anti-urban”, current discourse on community, town and city design emphasizes the importance of connectivity as a means for achieving several objectives. Connectivity may lead to more walking, which elevates physical activity levels; displaces car trips; supports the use of public transit; enhances socializing and, indirectly, reduces congestion and improves air quality. These arguably important goals can be achieved with a street pattern that exhibits a degree of interconnectedness or “porosity”"--p. [1]. |
| 692 | 07|2gccst|aUrban planning |
| 700 | 1 |aEames, Brian. |
| 710 | 2 |aCanada Mortgage and Housing Corporation. |
| 856 | 40|qPDF|s284 KB|uhttps://publications.gc.ca/collections/collection_2017/schl-cmhc/NH21-10-2005-eng.pdf |